| 000 | 00433nam a2200157Ia 4500 | ||
|---|---|---|---|
| 008 | 230718s9999 xx 000 0 und d | ||
| 041 | _aeng | ||
| 082 |
_a954.001 _bMAT |
||
| 100 |
_aMathew M. (Editor) _9175742 |
||
| 245 | _aManorama Year Book 2011 | ||
| 260 | _bMalayala Manorama | ||
| 300 | _a1038 | ||
| 365 |
_cRs. _b160.00 |
||
| 700 |
_aMathew M. (Editor) _9175742 |
||
| 906 |
_dO:0153811-Feb-2011B:4435302-Feb-2011 _cGENRL _b32 |
||
| 999 |
_c327207 _d327207 |
||